Kỹ thuật nuôi cá ngựa ở biển Việt Nam
Zapisane w:
| 1. autor: | |
|---|---|
| Format: | Książka |
| Język: | Undetermined |
| Wydane: |
Hà Nội
Nông nghiệp
2000
|
| Hasła przedmiotowe: | |
| Etykiety: |
Dodaj etykietę
Nie ma etykietki, Dołącz pierwszą etykiete!
|
| Thư viện lưu trữ: | Trung tâm Học liệu Trường Đại học Cần Thơ |
|---|
| LEADER | 00540nam a2200193Ia 4500 | ||
|---|---|---|---|
| 001 | CTU_63225 | ||
| 008 | 210402s9999 xx 000 0 und d | ||
| 020 | |b 8500 | ||
| 082 | |a 639.32 | ||
| 082 | |b K600 | ||
| 100 | |a Trương, Sỹ Kỳ | ||
| 245 | 0 | |a Kỹ thuật nuôi cá ngựa ở biển Việt Nam | |
| 245 | 0 | |c Trương Sỹ Kỳ | |
| 260 | |a Hà Nội | ||
| 260 | |b Nông nghiệp | ||
| 260 | |c 2000 | ||
| 650 | |a Sea horses | ||
| 904 | |i Mai Loan | ||
| 980 | |a Trung tâm Học liệu Trường Đại học Cần Thơ | ||